বাংলাদেশের স্থানীয় স্বায়ত্তশাসন / (Record no. 3403)
[ view plain ]
| 000 -LEADER | |
|---|---|
| fixed length control field | 01081nam a2200253 a 4500 |
| 001 - CONTROL NUMBER | |
| control field | 3403 |
| 003 - CONTROL NUMBER IDENTIFIER | |
| rucl marc code | BD-RjUL |
| 005 - DATE AND TIME OF LATEST TRANSACTION | |
| control field | 20211208233727.0 |
| 008 - FIXED-LENGTH DATA ELEMENTS--GENERAL INFORMATION | |
| fixed length control field | 150810s1993 bg b 001 0 eng d |
| 020 ## - INTERNATIONAL STANDARD BOOK NUMBER | |
| International Standard Book Number | 98451160158 |
| 035 ## - SYSTEM CONTROL NUMBER | |
| System control number | (BD-RjUL)3437 |
| 040 ## - CATALOGING SOURCE | |
| Original cataloging agency | BD-RjUL |
| Transcribing agency | BD-RjUL |
| Modifying agency | BD-RjUL |
| Language of cataloging | ben |
| 041 ## - LANGUAGE CODE | |
| Language code of text/sound track or separate title | ben |
| 082 ## - DEWEY DECIMAL CLASSIFICATION NUMBER | |
| Edition number | 23 |
| Classification number | 320.8095492 |
| Author mark and year | RAB 1993 |
| 100 ## - MAIN ENTRY--PERSONAL NAME | |
| Personal name | রহমান, মোঃ মকসুদুর |
| 9 (RLIN) | 117128 |
| 245 ## - TITLE STATEMENT | |
| Title | বাংলাদেশের স্থানীয় স্বায়ত্তশাসন / |
| Statement of responsibility, etc. | মোঃ মকসুদুর রহমান |
| 250 ## - EDITION STATEMENT | |
| Edition statement | ২য় সং. |
| 260 ## - PUBLICATION, DISTRIBUTION, ETC. (IMPRINT) | |
| Place of publication, distribution, etc. | রাজশাহী : |
| Name of publisher, distributor, etc. | রাজশাহী বিশ্ববিদ্যালয় পাঠ্যপুস্তক প্রকাশনা বোর্ড, |
| Date of publication, distribution, etc. | ১৯৯৩. |
| 300 ## - PHYSICAL DESCRIPTION | |
| Pagination | ৩৮৭ পৃ. ; |
| Size | ২১ সেমি. |
| 350 ## - PRICE (NR) (BK AM CF MU VM SE) [OBSOLETE] | |
| Price | Rs35 |
| 650 ## - SUBJECT ADDED ENTRY--TOPICAL TERM | |
| Topical term or geographic name as entry element | স্থানীয় স্বায়ত্তশাসন |
| Geographic subdivision | বাংলাদেশ |
| 9 (RLIN) | 117442 |
| Topical term or geographic name as entry element | Local government |
| Geographic subdivision | Bangladesh. |
| 9 (RLIN) | 117443 |
| 942 ## - ADDED ENTRY ELEMENTS (KOHA) | |
| Source of classification or shelving scheme | Dewey Decimal Classification |
| Koha item type | Books |
| Lost status | Source of classification or shelving scheme | Damaged status | Not for loan | Collection code | Permanent Location | Current Location | Shelving location | Date acquired | Source of acquisition | Cost, normal purchase price | Total Checkouts | Full call number | Date last seen | Date checked out | Copy number | Koha item type |
|---|---|---|---|---|---|---|---|---|---|---|---|---|---|---|---|---|
| Dewey Decimal Classification | Non-fiction | Central Library, University of Rajshahi | Central Library, University of Rajshahi | 03/11/1993 | প্রেস প্রকাশনা ও জনসংযোগ , রা. বি. | 0.00 | 4 | B 320.8095492 RAB 1993 | 10/03/2019 | 17/02/2019 | C-2 | Books | ||||
| Dewey Decimal Classification | Non-fiction | Central Library, University of Rajshahi | Central Library, University of Rajshahi | 03/11/1993 | প্রেস প্রকাশনা ও জনসংযোগ , রা. বি. | 0.00 | 1 | B 320.8095492 RAB 1993 | 16/09/2015 | 06/09/2015 | C-3 | Books | ||||
| Dewey Decimal Classification | Non-fiction | Central Library, University of Rajshahi | Central Library, University of Rajshahi | 19/03/2009 | 7 | B 320.8095492 RAB 1993 | 21/06/2022 | 06/06/2022 | C-4 | Books | ||||||
| Dewey Decimal Classification | Not For Loan | Non-fiction | Central Library, University of Rajshahi | Central Library, University of Rajshahi | Reading Room | 13/06/2000 | Lekhok, | 195.00 | B 320.8095492 RAB 1993 | 27/12/2016 | C-1 | Books |